000 00912nam a2200289 a 4500
001 000009536
003 DO-SdBNP
005 20170119093822.0
007 000009536
008 090930s1996 dr 000 p spa d
040 _aBPMSU
_bspa
_cBPMSU
082 0 4 _aRD861.44
_bA277i
100 1 _aAgramonte, Damarys,
_d1966-
245 1 0 _aImaginándome paloma /
_cDamarys Agramonte.
260 _aSanto Domingo :
_fBúho;
_c1996.
300 _a72 p. ;
_c18 cm.
650 4 _aPOESÍA DOMINICANA
650 4 _aLITERATURA DOMINICANA
910 _aValidado. Control de calidad MFF
930 1 _lBND01
_mLF1
_820090930
_f01
_pHD
_g4768
930 1 _lBND01
_mLF1
_820090930
_f01
_pHD
_g4768
_he. 2
942 _2ddc
_cBK
956 _aSARMENTERO
_b10
_c20090930
_lBND01
_h1401
956 _aBTAVAREZ
_b10
_c20091005
_lBND01
_h1358
956 _aTMEREDITH
_b20
_c20091005
_lBND01
_h1446
956 _aYPOLANCO
_b04
_c20110726
_lBND01
_h1559
999 _c7395
_d7395